00568 2200205 4500001002100000005001700021008004100038020002200079035002400101040001200125082001000137090001900147245007800166260002600244300002800270650001600298850001200314990001800326990001800344YOGYA-0611000000033820110613134352.0 ind  a978-979-9369-88-8 0010-061100000000338 aYOPDYOG a635.8 aSEL 635.8bJam aJAMUR tiram dua alambdataran rendah dan tinggicEvi Syariefa...[et. al.] aJakartabTrubusc2010 aiv, 60 hlmbilusc24 cm aJamur tiram aYOPDYOG a376 -Sel/B.11 a375 -Sel/B.11